MDQL
is popping MORE tags! Check the
thread
!
Quizzes
Events
Quiz Creation
Community
Videos
Private Events
Remove Ads
Sign In
Join for FREE
Feedback
Dark Mode
Quiz Categories
Sports
Geography
Music
Movies
Television
Just For Fun
Miscellaneous
History
Literature
Language
Science
Gaming
Entertainment
Religion
Holiday
For Kids
Quiz Lab
Recent
Popular Today
Quiz Kudos Today
Editor Picks
Curator Picks
Quizzes by...
Day
Popularity
Type
Ratings
Length
Year
Community
Subscriptions
Recent Discussions
Orange Saloon
Badges
Playlists
Quests
Create
Leaderboards
Showdown
Live 5
Trivia Bingo
Activity
Puzzle Library
Sporcle Events
Private Events
Virtual Trivia
Globe League
Become a Host
Pub Owners
SporcleCon
Opinionation
Our Games
Videos
Blog
Mobile Apps
Partnerships
Remove Ads and Go Orange
Feedback
Sports
Athletes
MLB
NBA
NHL
NFL
Soccer
Sports Teams
WWE
NCAA
Football
Premier League
Basketball
Baseball
Hockey
Golf
Tennis
Cricket
Rugby
Auto Racing
Olympics
World Cup
Sports
Athletes
MLB
NBA
NHL
NFL
Soccer
Sports Teams
WWE
NCAA
Football
Premier League
Basketball
Baseball
Hockey
Golf
Tennis
Cricket
Rugby
Auto Racing
Olympics
World Cup
Random Quiz
Search Sporcle
×
Quiz Lab
Quiz Lab
Sports
Active
Type in answers that appear in a list
Type in answers that appear in a list
Classic
Best Score? Go Orange.
1,000 Hits with Same Team Stats
Can you name the active players who have gotten at least 1,000 hits with the same team?
By
DeerMe
10m
37 Questions
179 Plays
179 Plays
179 Plays
Comments
Comments
Give Quiz Kudos
Give Quiz Kudos
-
- Ratings
hide this ad
More Info
Replay
Link that replays current quiz
Next Quiz
Link to next quiz in quiz playlist
You Got
0%
They Got
Avg Score
66%
Avg Friend Score
Upgrade to see
Score Distribution
Jump to the score distribution portion of the page
Score
0/37
Timer
10:00
0
Plays Today
Team
Player
% Correct
New York Yankees
Derek Jeter
93.9%
Boston Red Sox
Manny Ramirez
91.1%
Cleveland Indians
Manny Ramirez
91.1%
Atlanta Braves
Andruw Jones
89.9%
Atlanta Braves
Chipper Jones
89.9%
St. Louis Cardinals
Albert Pujols
89.9%
Los Angeles Angels of Anaheim
Vladimir Guerrero
88.8%
Montreal Expos/
Washington Nationals
Vladimir Guerrero
88.8%
Philadelphia Phillies
Jimmy Rollins
87.2%
Seattle Mariners
Ichiro Suzuki
86.6%
Colorado Rockies
Todd Helton
84.4%
New York Yankees
Alex Rodriguez
82.7%
Texas Rangers
Ivan Rodriguez
82.1%
Boston Red Sox
David Ortiz
76.5%
New York Yankees
Jorge Posada
76%
Cleveland Indians
Jim Thome
76%
Tampa Bay Rays
Carl Crawford
75.4%
Toronto Blue Jays
Vernon Wells
71.5%
Chicago White Sox
Paul Konerko
70.9%
Team
Player
% Correct
Texas Rangers
Michael Young
68.2%
Los Angeles Angels of Anaheim
Garret Anderson
65.4%
Oakland Athletics
Jason Giambi
64.8%
Minnesota Twins
Torii Hunter
64.2%
Oakland Athletics
Eric Chavez
63.1%
Baltimore Orioles
Brian Roberts
57.5%
Philadelphia Phillies
Bobby Abreu
54.2%
St. Louis Cardinals
Jim Edmonds
52.5%
Philadelphia Phillies
Pat Burrell
51.4%
Kansas City Royals
Mike Sweeney
50.3%
Baltimore Orioles
Melvin Mora
48%
Pittsburgh Pirates
Jack Wilson
44.7%
Chicago White Sox
Magglio Ordonez
40.2%
Los Angeles Angels of Anaheim
Chone Figgins
35.8%
Pittsburgh Pirates
Jason Kendall
35.8%
Cleveland Indians
Omar Vizquel
33%
Florida Marlins
Luis Castillo
29.1%
Seattle Mariners
Ken Griffey, Jr.
27.4%
Quiz Playlist
Details
Report
Send in Message
Add To Playlist
More Info:
As of 4/10/2010. Player is not necessarily still playing with listed team.
Classic:
Type in answers that appear in a list
Quiz Source
Last Updated: Feb 16, 2017
Quiz Scoreboard
CHALLENGE
Sign Up to Join the Scoreboard
Show All
Scores
Hide
Comments
May contain spoilers
Recently Published
Holiday 10x10 Sorting Gallery
by lukepisani3
Holiday
15m
Two Season TV Shows II
by 123Four
Television
10m
Image Sorting: Flags VI
by Barbecue
Geography
2m
More to Explore
Quiz From the Vault
Featured Blog Post
14 Easter Pick-up Lines to Find Eggs With
hide this ad
You Might Also Like...
Tags
1000
Active
hit
least
Player
same
team
Today's Top Quizzes in Sports
Browse Sports
hide this ad
Today's Top Quizzes in Active
Browse Active
Top Contributed Quizzes in Sports
1
Les meilleurs buteurs des matchs entre le PSG et l’OM
2
Les entraîneurs de l'OM et du PSG au 21e siècle
3
2022 World Cup Stars
4
Les joueurs passés par le PSG et l'OM
5
Players with Multiple 50 Home Run Seasons
6
FIFA Club World Cup Champions
7
Criteria MLB: Left Handed Sluggers
8
Les joueurs passés par le LOSC et le RC Lens
9
Top 10 NHL Goal Scorers of All Time
10
NBA Logic Puzzle 2.0
Explore More
Trending Topics
Kpop
Disney
NBA
Marvel
Anime
Crossword
Harry Potter
Soccer
NFL
Pokémon
The Office
Puzzle
WWE
Song
Country
hide this ad
More By:
DeerMe
Quiz
Plays
Rating
Category
Featured
Created
Baby Girl Names (1988)
755
5.00
Miscellaneous
Dec 8, 2011
1,000 Hits with Same Team
179
4.00
Sports
Apr 11, 2010
Go to Creator's Profile
Score Distribution
Quiz Creator Spotlight
DeerMe
Follow
Send a Message
Quizzes Created
-
Created Quiz Play Count
-
More By This Creator
Popular Quizzes Today
1
Find the US States - No Outlines Minefield
2
Colored Red Africa Blitz
3
Find the 'City' Movie
4
The Countries of the World
5
5x2 Blitz: Bands
6
Find the Countries of Europe - No Outlines Minefield
7
Find the US States
8
US States
More Sports Quizzes
National League Cy Young Winners: 2000 - Present
Quiz Lab
Trending Quizzes
Colored Red Europe Blitz I
Colored Red Africa Blitz II
Colored Red Europe Blitz II
Even More Two Season TV Shows
Colored Red Africa Blitz III
Recently Updated
Odd Team Out - Big 4 Players
pecheneg
Quick Pick: 20 Twenties
pecheneg
March Madness Men's Triple Doubles
pecheneg
How Do You Spell That?
pecheneg
Godzilla Movies
pecheneg
Grab Bag: 4-10 Letters
pecheneg
2024 March Madness Bracket
pecheneg
Famous TV Couples
Peacemaker
Champions League XIs: Real Madrid
pecheneg
Largest US Cities 1790-2010
pecheneg
Trending Topics
Crossword
Kpop
NBA
Disney
Anime
Harry Potter
Marvel
WWE
Country
Soccer
Song
Pokémon
Puzzle
The Office
NFL
Your Account Isn't Verified!
In order to create a playlist on Sporcle, you need to verify the email address you used during registration. Go to your
Sporcle Settings
to finish the process.
Report this User
Report this user for behavior that violates our
Community Guidelines
.
Details:
Send Report
Go to the Sporcle.com Mobile Site →
Comments